000 00743nam a22002177a 4500
999 _c17088
_d17088
003 AR-CdUCM
008 190507b ||||| |||| 00| 0 spa d
040 _aMUNICIPALIDAD PROVINCIAL DEL CUSCO
_cBIBLIOTECA MUNICIPAL DEL CUSCO
082 _a109.14 /
_bT78
100 _aTrattner, Ernest R.
_936921
245 _aArquitectos de ideas :
_bHistoria de las grandes teorias de la humanidad /
260 _aBuenos Aires :
_bLosada,
_c1955.
300 _a518 paginas ;
_c20 cm.
500 _aHistoria filosifia y Autores
505 _aContenido: Copernico -- Hutton -- Dalton -- Lavoisier -- Rumford...
650 _aHistoria
_9136
650 _aFilosofia
_9395
650 _aLiteratura
_983
942 _2ddc
_cLIBROS
945 _apjha
_d2019-05-07